• 首页
  • 本馆介绍
  • 公告通知
  • 最新文献
  • 馆藏检索
  • 电子资源
  • 读者导购
  • 参考咨询
  • 我的图书馆
  • 登录
  • 详细信息显示
  • 放入我的书架
  • 预约/预借图书
  • 作者相关作品
  • 分类相关作品
  • 丛书相关作品
  • 出版社相关作品

书目信息

  • 表格格式
  • 工作单格式
  • 卡片格式
题名:
爱的断舍离
    
 
作者: 菲利浦斯 , 贾德 著 ;颜玮 译
分册:  
出版信息: 北京   新世界出版社  2016
页数: 201页
开本: 21cm
丛书名:
单 册:
中图分类: C913.1
科图分类:
主题词: 恋爱心理学--lian ai xin li xue--通俗读物
电子资源:
ISBN: 978-7-5104-5597-1
000 01104nam0 22002771 450
001 0118172417
005 20170618172417.0
010    @a978-7-5104-5597-1@dCNY32.00
100    @a20160503d2016 em y0chiy50 ea
101 1  @achi@ceng
102    @aCN@b110000
105    @ay z 000yy
106    @ar
200 1  @a爱的断舍离@Aai de duan she li@dHow to fall out of love@e让爱走出失恋的阴影@f(美)黛博拉·菲利浦斯,(美)罗伯特·贾德著@g颜玮译@zeng
210    @a北京@c新世界出版社@d2016
215    @a201页@d21cm
330    @a本书展示了行为治疗法的强项之一:用可操控的、容易做到的行为来处理严重而复杂的情绪障碍。同时,它的清晰明了、温暖体贴及善解人意则让行为疗法的技术更容易被理解、更实际有用。
510 1  @aHow to fall out of love@zeng
517 1  @a让爱走出失恋的阴影@Arang ai zou chu shi lian de yin ying
606 0  @a恋爱心理学@Alian ai xin li xue@j通俗读物
690    @aC913.1@v5
701  0 @c(美)@a菲利浦斯@Afei li pu si@c(女,Phillips, Debora)@4著
701  0 @c(美)@a贾德@Ajia de@4著
702  0 @a颜玮@Ayan wei@4译
801  0 @aCN@bTANGWEI@c20170616
905    @b1009905-10@dC913.1@e1033@f6
    
    爱的断舍离=How to fall out of love:让爱走出失恋的阴影/(美)黛博拉·菲利浦斯,(美)罗伯特·贾德著/颜玮译.-北京:新世界出版社,2016
    201页;21cm
    
    
    ISBN 978-7-5104-5597-1:CNY32.00
    本书展示了行为治疗法的强项之一:用可操控的、容易做到的行为来处理严重而复杂的情绪障碍。同时,它的清晰明了、温暖体贴及善解人意则让行为疗法的技术更容易被理解、更实际有用。
●
相关链接 在E读中查询图书 在五车中查询图书 在当当中查询图书 在豆瓣中查询图书


正题名:爱的断舍离     索取号:C913.1/1033         预约/预借

序号 登录号 条形码 馆藏地/架位号 状态 备注
1 1009905   210099052   第一样本阅览室/ [索取号:C913.1/1033] 在馆    
2 1009906   210099061   教育系资料室/ [索取号:C913.1/1033] 在馆    
3 1009907   210099070   教育系资料室/ [索取号:C913.1/1033] 在馆    
4 1009908   210099089   教育系资料室/ [索取号:C913.1/1033] 在馆    
5 1009909   210099098   第一借阅区/ [索取号:C913.1/1033] 在馆    
6 1009910   210099105   第一借阅区/ [索取号:C913.1/1033] 在馆    
唐山师范学院图书馆 欢迎您!
大连网信软件有限公司© 版权所有